LEADER 01196nam a2200265 i 4500 001 000000153815 003 CaOOAMICUS 005 20160923000000.0 008 160923s2016 it u000 u ita u 013 $a131158 020 $a978-88-82849-934-4 040 $aSeMil$bita 100 1 $aTruffelli, Matteo,$d<1970- >.$0(OLS)http://semarc/name/90953 245 10$aCredenti inquieti :$blaici associati nella Chiesa dell'Evangelii gaudium /$cMatteo Truffelli. 260 $aRoma :$bAVE,$ccopyr. 2016. 300 $a203 p. ;$c19 cm. 490 0 $aLa mongolfiera : appunti per un'AC che si rinnova 650 4$aFrancesco I - Esortazioni apostoliche . Evangelii gaudium.$0(OLS)http://semarc/subject/26519 830 3$aLa mongolfiera.$0(OLS)http://semarc/title/13714 850 $aSeMil 852 $aSeMil$W1$xVenegono$y1$m3E I 358$j105700$B105700$CSeMilBibl$Z2$F114902 $81 961 $aOmaggio: Delpini mons. Mario 996 $6020$a978-88-82849-934-4$9(OLS)http://semarc/number/143669 996 $6245$aCredenti inquieti :$blaici associati nella Chiesa dell'Evangelii gaudium$9(OLS)http://semarc/title/225047 996 $6260$aRoma :$bAVE$9(OLS)http://semarc/publisher/30251 LEADER 01697nam a2200265 i 4500 001 000000173416 003 CaOOAMICUS 005 20080716000000.0 008 080716s1999 it u000 u ita u 013 $a150869 040 $aSeMil$bita 245 10$aIcona "Finestra sull'Eternità" :$bmostra di antiche icone russe dalla collezione Du?ka Avrese : Seregno, 8 maggio-6 giugno 1999, cripta della chiesa abbaziale /$cCuratore della mostra dom Adalberto Piovano priore della Comunità monastica SS. Trinità di Vertemate ; fotografie di Roberto Lazzarin ; presentazione di Marina Azizjan ; testi di Du?ka Avrese. 260 $aVillafontana (VR) :$bGolden Time Communication srl,$cstampa 1999. 300 $a95 p. :$bin gran parte ill. ;$c30 cm. 500 $aContiene : Bibliografia. - In testa al front. : Abbazia S. Benedetto, Seregno ; Comune di Seregno, Assessorato alla Cultura. 650 4$aIcone russe.$0(OLS)http://semarc/subject/19171 700 1 $aAvrese, Du?ka.$0(OLS)http://semarc/name/64782 700 1 $aAzizjan, Marina.$0(OLS)http://semarc/name/64781 700 1 $aLazzarin, Roberto.$0(OLS)http://semarc/name/64780 700 1 $aPiovano, Adalberto,$c.$0(OLS)http://semarc/name/16976 850 $aSeMil 852 $aSeMil$W1$xVenegono$y1$m5T XI 27$j124261$B124261$CSeMilBibl$Z2$F135524 $8I 961 $aOmaggio: Biblioteca Ambrosiana 996 $6245$aIcona "Finestra sull'Eternità" :$bmostra di antiche icone russe dalla collezione Du?ka Avrese : Seregno, 8 maggio-6 giugno 1999, cripta della chiesa abbaziale$9(OLS)http://semarc/title/248418 996 $6260$aVillafontana (VR) :$bGolden Time Communication srl$9(OLS)http://semarc/publisher/49203